| 000 | 00450nam a2200145Ia 4500 | ||
|---|---|---|---|
| 003 | OSt | ||
| 005 | 20260129142903.0 | ||
| 008 | 211028s2018 xx 000 0 und d | ||
| 040 | _cAIMIT LIBRARY | ||
| 041 | _aeng | ||
| 100 |
_aRai, Nithin P; Fr Balraju S J. _g1616128 _97883 |
||
| 245 | _aCustomer perception of logistic facilitation at Mangalore refinery and petrochemicals ltd / | ||
| 260 |
_aMangalore _bJustine P James. _c2018 |
||
| 942 |
_2ddc _cPRO |
||
| 999 |
_c219451 _d219451 |
||